LDR 01682naa#a2200301#i#450# 001 RU\\bibl\119684 005 20260630033518.2 011 ## _a2077-7566 100 ## _a20260629b2026####ek#y0rusy0150####ca 101 0# _aRUS 102 ## _aRU 200 1# _aОЦЕНКА ЭФФЕКТИВНОСТИ КОРРЕКЦИИ АСИММЕТРИИ ЛИЦА У ДЕТЕЙ С ОДНОСТОРОННИМ ПЕРЕКРЕСТНЫМ ПРИКУСОМ С ПРИМЕНЕНИЕМ МЕТОДА ДИАГНОСТИКИ «МАСКА ЗОЛОТОГО СЕЧЕНИЯ» _eЖурнальная статья 210 1# _aЕкатеринбург _cИздательский Дом «ТИРАЖ» _d2026 215 ## _a8 с. 608 ## _aЖурнальная статья _2local 675 ## _aОртодонтия. Челюстно-лицевая ортопедия. Исправление положения зубов. 616.314-089.23 _zRUS 686 ## _aКлиническая медицина. 76.29 _2grnti 700 #1 _aХелашвили _gЕлизавета Зурабовна 700 #1 _aШишмарева _gАнастасия Сергеевна 700 #1 _aЗарембо _gЮлия Сергеевна 700 #1 _aБимбас _gЕвгения Сергеевна 700 #1 _aОжгихина _gНаталья Владленовна 700 #1 _aБрусницына _gЕлена Викторовна 700 #1 _aПлотников _gАлександр Сергеевич 700 #1 _aМатвеева _gТатьяна Владимировна 700 #1 _aНагиев _gАнар Мирзабалаевич 700 #1 _aГюльвердиева _gСабрина Мансуровна 856 4# _adental-press.ru _u